Principles of quantitative chemical analysis

Đã lưu trong:
Bibliografiske detaljer
Hovedforfatter: Levie, Robert de
Format: Bog
Sprog:Undetermined
Udgivet: New York McGraw-Hill 1997
Fag:
Tags: Tilføj Tag
Ingen Tags, Vær først til at tagge denne postø!
Thư viện lưu trữ: Trung tâm Học liệu Trường Đại học Cần Thơ
LEADER 00538nam a2200205Ia 4500
001 CTU_61467
008 210402s9999 xx 000 0 und d
020 |c 145000 
082 |a 544 
082 |b L664 
100 |a Levie, Robert de 
245 0 |a Principles of quantitative chemical analysis 
245 0 |c Robert de Levie 
260 |a New York 
260 |b McGraw-Hill 
260 |c 1997 
650 |a Chemistry, analytic 
650 |x Quantative 
904 |i Minh,Hải 
980 |a Trung tâm Học liệu Trường Đại học Cần Thơ